[Event "36th Mitropa Cup Open 2018"]
[Site "Isola Capo Rizzuto"]
[Date "2018.06.01"]
[Round "2.9"]
[White "Huschenbeth, Niclas"]
[Black "Bogner, Sebastian"]
[Result "1/2-1/2"]
[WhiteElo "2571"]
[BlackElo "2588"]
[Annotator "TA"]
[PlyCount "115"]
[EventDate "2018.05.31"]
[EventType "team-tourn"]
[EventCountry "ITA"]
[SourceTitle "playchess.com"]
[Source "ChessBase"]
[SourceQuality "1"]
[WhiteTeam "Germany"]
[BlackTeam "Switzerland"]
[WhiteTeamCountry "GER"]
[BlackTeamCountry "SUI"]

{[%evp 20,115,0,0,10,13,42,38,52,44,54,31,29,23,25,34,28,24,22,0,17,3,27,0,0,0,0,-7,0,0,4,4,4,4,108,9,68,11,14,12,50,0,0,-57,-43,-47,-45,-86,-93,-91,-91,-86,-86,-93,-93,-93,-93,-93,-93,-85,-80,-83,-80,-80,-83,-83,-83,-83,-83,-83,-43,-83,-6,-8,0,0,0,0,0,0,0,0,0,0,0,0,0,0,0,0,0,0,0,0,0,0,0,0]} 1. e4 e5 2. Nf3 Nf6 3. d4 Nxe4 4. Bd3 d5 5. Nxe5 Nd7 6. Nc3 Nxc3 7. bxc3 Nxe5 8. dxe5 Bc5 {C43: Russische Verteidigung (Petrow)} 9. O-O O-O 10. Qh5 g6 11. Qh6 {LiveBook: 3 Partien} f5 $146 ({Vorgänger:} 11... Qe7 12. Bf4 f5 13. Rab1 b6 14. Rfe1 Be6 15. Bg5 Qf7 16. Qh4 {0-1 (32) Gashimov,V (2730)-Kramnik,V (2759) Baku 2009}) 12. h4 Re8 13. Bg5 Be7 14. Bxe7 Qxe7 15. Rfe1 Be6 16. Re3 Kh8 17. Rg3 Rg8 18. Re1 Raf8 19. Qf4 (19. f4 {keeps more tension.} Rg7 20. Kf2 Rfg8 21. Rh1 c5 22. Be2) 19... c5 20. a4 Rf7 21. c4 d4 22. Bf1 Rfg7 23. Qh6 Qf7 24. h5 gxh5 25. Rxg7 Rxg7 26. Qf6 Qg6 (26... f4 $11) 27. a5 (27. Qf8+ $16 Rg8 28. Qxc5) 27... h6 (27... Bd7 $11) 28. Qxg6 (28. Qf8+ $14 Kh7 29. Qxc5) 28... Rxg6 $14 {[%mdl 4096] Endspiel KTL-KTL} 29. Rb1 Rg7 30. Rb5 {[%mdl 1024] Weiss hat Kompensation.} Rc7 $1 31. f4 (31. g3 $11) 31... Bd7 $1 $15 {[%cal Rd7b5]} 32. Rb1 Bc6 33. Re1 Rg7 34. e6 Be4 35. Bd3 Re7 36. Bxe4 Rxe6 37. Rb1 fxe4 38. Rxb7 $17 {KT-KT} e3 39. Kf1 Ra6 40. Rb5 Rf6 41. Rxc5 Rxf4+ 42. Ke1 Rf2 43. Rd5 Rxg2 {[#] Droht stark ...h4.} 44. Rxd4 Rxc2 {...Kg7 ist eine echte Drohung.} 45. Re4 Ra2 ({Lieber} 45... Kg7 $17 {Und ...Kf6 würde nun gewinnen.} 46. Rxe3 h4) 46. c5 $11 {[%cal Bc4c5,Bc5c6,Bc6c7][%mdl 32] Die Stellung ist ausgeglichen.} Rxa5 47. Rc4 {[#] Und weiter mit c6 wäre nett.} Rb5 48. Ke2 Kg7 49. c6 {Schwarz muss nun c7 beachten.} Rb8 50. Kxe3 Kf6 51. Kd4 h4 52. c7 Rc8 53. Kd5 Kg5 54. Kd6 h3 55. Rc2 Kg4 56. Kd7 Rxc7+ 57. Kxc7 Kg3 58. Rc3+ {Precision: Weiß = 62%, Schwarz = 58%.} 1/2-1/2

[Event "36th Mitropa Cup Open 2018"]
[Site "Isola Capo Rizzuto"]
[Date "2018.06.01"]
[Round "2.10"]
[White "Studer, Noel"]
[Black "Kollars, Dmitrij"]
[Result "1/2-1/2"]
[WhiteElo "2477"]
[BlackElo "2541"]
[Annotator "TA"]
[PlyCount "72"]
[EventDate "2018.05.31"]
[EventType "team-tourn"]
[EventCountry "ITA"]
[SourceTitle "playchess.com"]
[Source "ChessBase"]
[SourceQuality "1"]
[WhiteTeam "Switzerland"]
[BlackTeam "Germany"]
[WhiteTeamCountry "SUI"]
[BlackTeamCountry "GER"]

{[%evp 22,72,34,31,37,0,39,0,0,0,52,51,848,0,827,844,838,819,843,102,803,791,830,822,1198,1384,1293,1268,1114,470,466,132,927,37,47,0,0,0,0,0,0,0,0,0,0,0,0,0,0,0,0,0,0]} 1. d4 Nf6 2. c4 e6 3. Nf3 Bb4+ 4. Nbd2 O-O 5. a3 Be7 6. e4 {[%cal Be2e4,Be4e5][%mdl 32]} d5 7. e5 Nfd7 8. Bd3 {E11: Damenindisch (Bogoljubow-Variante)} c5 9. Qc2 g6 10. cxd5 exd5 11. e6 fxe6 {[#]} 12. Bxg6 $1 {[%mdl 512] LiveBook: 4 Partien} hxg6 13. Qxg6+ Kh8 {[#] Droht ...De8 und aus.} 14. Qh6+ $146 {[%mdl 1024] Weiss hat Kompensation.} (14. Ne4 $5 dxe4 15. Qh6+ Kg8 16. Qg6+ Kh8 17. Qh5+ Kg8 18. Qg6+ Kh8 $11) 14... Kg8 {...Tf6 ist eine echte Drohung.} 15. Qg6+ (15. Qxe6+ Rf7 $17) 15... Kh8 {Und weiter mit ...De8 wäre nett.} 16. Ne4 $1 {Schwarz muss nun Dh5+ beachten.} Qe8 $2 {[%mdl 8192]} (16... Rxf3 17. Qh6+ Kg8 18. gxf3 $18) (16... Rf5 $14) 17. Qh6+ $18 Kg8 18. Nfg5 Bxg5 19. Qxg5+ (19. Nxg5 $2 Nf6 $17) 19... Kh7 20. Qh6+ $1 Kg8 21. a4 $1 Qe7 22. Ra3 Rf7 23. Rg3+ Rg7 24. Bg5 Qf8 {[#]} 25. Qh4 (25. Nd6 $142 $1 {[%mdl 512]} Qxd6 26. Rh3) 25... Qf5 {[#]} ({Viel schlechter ist} 25... dxe4 26. Bh6 $18) 26. Bh6 $2 (26. Nd6 $1 $18 {[%cal Rd6f5]} Qb1+ 27. Ke2 Qc2+ 28. Bd2) 26... Rg6 $2 {[%mdl 8192] [#]} (26... Qxe4+ $16 27. Qxe4 dxe4 28. Rxg7+ Kh8) 27. Qd8+ $2 (27. Nd6 $1 $18 {[%cal Rd6f5]} Qb1+ 28. Ke2 Qc2+ 29. Bd2) 27... Kh7 $14 28. Ng5+ Rxg5 $1 {Die Stellung ist ausgeglichen.} 29. Bxg5 $40 {[%mdl 128] Weiss droht Lc1 und Matt. Weiss hat einigen Angriff.} ({Ein No Go ist} 29. Qxg5 Qxg5 30. Bxg5 cxd4 $17) 29... Nc6 30. Qe8 Qb1+ 31. Kd2 {[%cal Be1d2,Bd2d1,Bd1c1][%mdl 32]} Qxb2+ 32. Kd1 {jetzt Df7+ und aus.} Qxd4+ 33. Kc1 Qa1+ 34. Kd2 {Weiss will mit Df7+ Matt setzen.} Qd4+ 35. Kc1 {Beabsichtigt Df7+ und Matt.} Qa1+ 36. Kd2 {Droht Matt per Df7+.} Qd4+ {Precision: Weiß = 58%, Schwarz = 48%.} 1/2-1/2

[Event "36th Mitropa Cup Open 2018"]
[Site "Isola Capo Rizzuto"]
[Date "2018.06.01"]
[Round "2.11"]
[White "Vogel, Roven"]
[Black "Baenziger, Fabian"]
[Result "1/2-1/2"]
[WhiteElo "2449"]
[BlackElo "2377"]
[Annotator "TA"]
[PlyCount "69"]
[EventDate "2018.05.31"]
[EventType "team-tourn"]
[EventCountry "ITA"]
[SourceTitle "playchess.com"]
[Source "ChessBase"]
[SourceQuality "1"]
[WhiteTeam "Germany"]
[BlackTeam "Switzerland"]
[WhiteTeamCountry "GER"]
[BlackTeamCountry "SUI"]

{[%evp 23,69,16,8,7,19,19,15,6,14,0,0,0,0,0,0,0,0,0,0,0,-8,-10,0,0,0,0,0,-8,0,0,0,0,0,0,0,-14,0,0,0,0,0,0,0,0,0,0,0,0]} 1. d4 Nf6 2. c4 g6 3. Nf3 Bg7 4. g3 O-O 5. Bg2 c5 6. O-O Nc6 7. Nc3 d6 8. dxc5 dxc5 9. Be3 Ng4 {E65: King's Indian: Fianchetto: 6...c5 7 0-0 without d5 by White} (9... Be6 10. Qa4 Nd4 11. Rad1 Bd7 12. Qa3 Nc2 13. Qxc5 b6 14. Qg5 h6 15. Qf4 g5 16. Qe5 Rc8 17. Nd5 Nxd5 18. Qxd5 Nxe3 19. fxe3 {½-½ (46) Le,Q (2739)-Jumabayev,R (2602) Ashkhabad 2017}) 10. Qxd8 Rxd8 11. Bxc5 Be6 12. h3 Nf6 {LiveBook: 4 Games. The position is equal.} 13. Rfd1 Nd7 14. Bd4 Bxc4 15. Bxg7 Kxg7 16. Nd4 Nxd4 $146 ({Predecessor:} 16... Nde5 17. Nxc6 Nxc6 18. Bxc6 bxc6 {1-0 (61) Skembris,S (2530)-Vragoteris,A (2360) Athens 1992}) 17. Rxd4 Nb6 $1 18. Rad1 Rxd4 19. Rxd4 Ba6 20. Rb4 Rc8 21. a3 Rc7 22. f4 Nc4 23. Nd5 Rd7 24. Kf2 e6 25. Nc3 f5 26. Nb5 Bxb5 $1 27. Rxb5 $11 {[%mdl 4096] Endgame KRB-KRN} b6 28. Rb4 Nd6 29. e4 Nxe4+ 30. Bxe4 fxe4 31. Rxe4 {KR-KR} Rd2+ 32. Re2 Rxe2+ 33. Kxe2 Kf6 34. Kf3 e5 35. Ke4 {Precision: White = 74%, Black = 60%.} 1/2-1/2

[Event "36th Mitropa Cup Open 2018"]
[Site "Isola Capo Rizzuto"]
[Date "2018.06.01"]
[Round "2.12"]
[White "Jenni, Florian"]
[Black "Perske, Thore"]
[Result "1/2-1/2"]
[WhiteElo "2441"]
[BlackElo "2451"]
[Annotator "TA"]
[PlyCount "57"]
[EventDate "2018.05.31"]
[EventType "team-tourn"]
[EventCountry "ITA"]
[SourceTitle "playchess.com"]
[Source "ChessBase"]
[SourceQuality "1"]
[WhiteTeam "Switzerland"]
[BlackTeam "Germany"]
[WhiteTeamCountry "SUI"]
[BlackTeamCountry "GER"]

{[%evp 16,57,15,12,57,68,55,70,47,45,75,44,110,120,135,105,243,234,229,236,231,251,251,200,221,221,222,173,194,221,259,247,243,238,206,100,87,0,0,0,69,0,0,0]} 1. e4 e6 2. d4 d5 3. Nc3 Nf6 4. Bg5 Be7 5. e5 Nfd7 6. h4 h6 7. Bxe7 Qxe7 8. f4 a6 {C14: Französische Verteidigung (Klassische Hauptvariante)} 9. Qg4 {LiveBook: 4 Partien} (9. Nf3 c5 10. dxc5 Nc6 11. a3 O-O 12. Qd2 f6 13. exf6 Qxf6 14. g3 Nxc5 15. O-O-O d4 16. Nxd4 Rd8 17. Nce2 e5 18. fxe5 Nxe5 19. Qf4 Qxf4+ 20. gxf4 Ng4 {½-½ (20) Istratescu,A (2602)-Baklan,V (2621) Calimanesti Caciulata 2016}) 9... f5 10. exf6 Qxf6 {Weiß steht etwas besser.} 11. O-O-O O-O 12. Nge2 $146 ({Vorgänger:} 12. g3 Nc6 13. Nf3 Ne7 14. Bd3 e5 15. Qh5 exf4 16. Nxd5 Nxd5 17. Qxd5+ {1-0 (35) Klima,L (2319)-Pcola,J (2083) Tatranska Lomnica 2017}) 12... b5 13. Qf3 Kh8 ({Lieber} 13... Nb6 $14) 14. g4 $16 {[%cal Bg2g4,Bg4g5][%mdl 32]} b4 15. Na4 Nb6 (15... Nc6 $16) 16. g5 $18 Qf7 17. Nxb6 cxb6 18. Qe3 h5 19. g6 Qxg6 20. Rg1 Qe4 21. Qd2 $1 {[%mdl 1024] Weiss hat starke Kompensation.} Nc6 {[#]} 22. Rg5 $1 Bd7 23. f5 {Droht stark Lg2.} Be8 (23... exf5 24. Bg2 $18) 24. Bg2 Qxh4 {[#]} 25. Rh1 (25. Ng3 $1 $18 {ist viel giftiger.}) 25... Qf2 $16 26. Rf1 Qh4 27. Rh1 Qf2 28. Rf1 (28. fxe6 $14 Ne7 29. b3 (29. Bxd5 $2 Nxd5 30. Qd3 Nf4 $19)) 28... Qh4 $11 29. Rh1 {Precision: Weiß = 70%, Schwarz = 42%.} 1/2-1/2

[Event "36th Mitropa Cup Open 2018"]
[Site "Isola Capo Rizzuto"]
[Date "2018.06.01"]
[Round "2.13"]
[White "Dragnev, Valentin"]
[Black "Tomazini, Zan"]
[Result "1-0"]
[WhiteElo "2485"]
[BlackElo "2415"]
[Annotator "TA"]
[PlyCount "51"]
[EventDate "2018.05.31"]
[EventType "team-tourn"]
[EventCountry "ITA"]
[SourceTitle "playchess.com"]
[Source "ChessBase"]
[SourceQuality "1"]
[WhiteTeam "Austria"]
[BlackTeam "Slovenia"]
[WhiteTeamCountry "AUT"]
[BlackTeamCountry "SLO"]

{[%evp 16,51,27,23,28,16,27,25,47,41,48,-10,130,110,129,97,108,109,231,230,216,110,235,109,1785,1664,29987,656,620,579,29994,29994,29995,29996,29996,29997,29997,29998]} 1. d4 Nf6 2. c4 g6 3. Nc3 Bg7 4. e4 O-O 5. Be3 d6 6. f3 a6 7. Qd2 c6 8. O-O-O b5 9. h4 {LiveBook: 8 Games} h5 {E81: King's Indian: Sämisch: 6th move deviations (including 6 Be3 c6)} (9... Nbd7 10. Bh6 e5 11. Nge2 Qa5 12. Bxg7 Kxg7 13. h5 b4 14. Nb1 Qxa2 15. Ng3 Nb6 16. c5 Nc4 17. Qxb4 Ne3 18. Rd2 Be6 19. Qc3 Nxf1 20. Rxf1 exd4 {1-0 (56) Moiseenko,A (2640)-Miroshnichenko,E (2615) Kapuskasing 2004}) 10. Kb1 Qc7 11. Bh6 $146 ({Predecessor:} 11. Be2 bxc4 12. g4 a5 13. Bg5 a4 14. Bxf6 Bxf6 15. gxh5 Kg7 16. hxg6 fxg6 17. h5 {1-0 (31) Boye,N-Jorgensen,J Horsens 1978}) 11... e5 {White has an edge.} 12. g4 Nbd7 (12... hxg4 $6 13. dxe5 dxe5 14. h5 $1 $16 {[%mdl 512]}) 13. Nge2 (13. Bxg7 $14 Kxg7 14. g5) 13... Nb6 (13... bxc4 14. Bxg7 Kxg7 15. g5 $14) (13... hxg4 $11 14. h5 gxf3 15. Bxg7 Kxg7 16. hxg6 fxg6) 14. Ng3 $16 b4 15. Nce2 Nxc4 16. Qc1 {Threatens to win with Bxg7.} Bxh6 (16... hxg4 $16 17. Bxg7 Kxg7) 17. Qxh6 $18 Bxg4 {[#]} ({Much weaker is} 17... hxg4 $6 18. h5) 18. dxe5 ({White should play} 18. Nf5 $1 $18 {[%mdl 512]} Bxf5 19. exf5) 18... dxe5 (18... Nxe5 $16 {is a better defense.} 19. fxg4 Nfxg4) 19. Nd4 $40 {[%mdl 128] [#] White wants a kill.} (19. Nc1 $1 $18 {is the precise move to win.} Nb6 20. Nf5 $1 {[%mdl 512]} Bxf5 21. exf5) 19... Nxb2 $2 {[%mdl 8192]} ({Not} 19... exd4 $2 20. Bxc4 Be6 21. Nf5 $1 $18 {[%mdl 512]}) (19... Na3+ $1 $16 {[%mdl 512]} 20. bxa3 exd4) 20. Ndf5 gxf5 21. Nxf5 (21. Qg5+ $142 Kh7 {[#]} 22. Nxf5 $1 {[%mdl 512]} (22. Kxb2 $2 Rg8 $19) 22... Bxf5 23. Qxf5+ Kg7 24. Rg1+ Ng4 25. Qg5+ Kh7 26. Qxh5+ Kg7 27. Qxg4+ Kf6 28. Qg5+ Ke6 29. Bh3+ f5 30. exf5+ Rxf5 31. Qxf5+ Ke7 32. Qh7+ Kf8 33. Rg8#) 21... Bxf5 22. exf5 {[%cal Be4f5,Bf5f6][%mdl 32] Threatening mate with Rg1+.} Rfd8 23. Rg1+ {White mates.} Ng4 {[#]} 24. f6 $1 {[%csl Gf6][%cal Rh6g7][%mdl 512]} Rxd1+ 25. Kxb2 {[%csl Gf6][%cal Rh6g7]} Rd2+ 26. Kb3 {Precision: White = 32%, Black = 28%.} 1-0

[Event "36th Mitropa Cup Open 2018"]
[Site "Isola Capo Rizzuto"]
[Date "2018.06.01"]
[Round "2.14"]
[White "Drnovsek, Gal"]
[Black "Mesaros, Florian"]
[Result "1-0"]
[WhiteElo "2403"]
[BlackElo "2436"]
[Annotator "TA"]
[PlyCount "85"]
[EventDate "2018.05.31"]
[EventType "team-tourn"]
[EventCountry "ITA"]
[SourceTitle "playchess.com"]
[Source "ChessBase"]
[SourceQuality "1"]
[WhiteTeam "Slovenia"]
[BlackTeam "Austria"]
[WhiteTeamCountry "SLO"]
[BlackTeamCountry "AUT"]

{[%evp 25,85,33,37,13,15,18,14,9,11,12,15,11,18,9,18,-8,56,44,77,31,85,89,84,101,158,155,201,209,196,194,194,133,177,175,197,168,173,162,162,97,117,119,118,121,540,572,567,574,541,528,525,521,764,701,742,740,719,700,1185,1106,12847,8954]} 1. d4 Nf6 2. c4 e6 3. Nc3 Bb4 4. Qc2 O-O 5. Nf3 c5 6. dxc5 Na6 7. g3 Nxc5 8. Bg2 b6 9. O-O {E39: Nimzo-Indian: Classical: 4...c5 5 dxc5 0-0} Bb7 10. Nb5 Be4 (10... Nce4 11. Ng5 d5 12. Rd1 Qc8 13. Nxe4 Nxe4 14. Bxe4 dxe4 15. Bf4 Bc6 16. Bd6 Bxb5 17. Bxb4 {½-½ (30) Lenderman,A (2611)-Yu,Y (2760) chess.com INT 2018}) 11. Qd1 a6 12. Nd6 Bc6 13. Bf4 Nce4 {LiveBook: 3 Games} 14. a3 Bxd6 15. Bxd6 Nxd6 16. Qxd6 Qb8 17. Rfd1 $146 ({Predecessor:} 17. Qxb8 Raxb8 {0-1 (53) Kaczmarczyk,D (2415)-Georgiadis,I (2475) Baden 2016}) 17... Qb7 18. Bf1 Ne4 19. Qd4 Rac8 20. Ne5 Nc5 (20... Ba4 $11) 21. Nxc6 $14 Qxc6 22. Qe3 a5 (22... Rfd8 $14) 23. b4 $1 $16 {[%cal Rb4c5]} Ne4 24. Bg2 d5 ({Black should try} 24... f5) 25. Rac1 Qb7 {[#]} 26. Bxe4 $1 dxe4 27. Rd6 Rb8 28. Rcd1 (28. bxa5 $18 bxa5 29. c5) 28... axb4 29. axb4 Rfc8 30. Qf4 {Rd7 is the strong threat.} Qa8 31. Rd7 Rf8 32. Qe5 (32. b5 $18) 32... Rbc8 {[#]} 33. Ra1 $1 {[%cal Ra1a8]} Qc6 34. Rd4 $40 {[%mdl 128] White has strong attack.} f5 $2 {[%mdl 8192]} (34... Rfd8 $16 {is a better chance.}) 35. Ra7 $18 {[%csl Ga7][%cal Re5g7] White is clearly winning.} Rf7 36. Rxf7 Kxf7 {[%mdl 4096] Endgame KQR-KQR} 37. Rd6 {And now Qxe6+ would win.} Qe8 38. Rxb6 {Black must now prevent Rb7+.} Rd8 39. Kg2 Qe7 40. b5 {[%cal Bb4b5,Bb5b6][%mdl 32]} Rd2 41. Rc6 Rd7 42. b6 Rb7 43. Rc7 {Precision: White = 70%, Black = 37%.} 1-0

[Event "36th Mitropa Cup Open 2018"]
[Site "Isola Capo Rizzuto"]
[Date "2018.06.01"]
[Round "2.15"]
[White "Blohberger, Felix"]
[Black "Janzelj, Tim"]
[Result "1-0"]
[WhiteElo "2423"]
[BlackElo "2420"]
[Annotator "TA"]
[PlyCount "65"]
[EventDate "2018.05.31"]
[EventType "team-tourn"]
[EventCountry "ITA"]
[SourceTitle "playchess.com"]
[Source "ChessBase"]
[SourceQuality "1"]
[WhiteTeam "Austria"]
[BlackTeam "Slovenia"]
[WhiteTeamCountry "AUT"]
[BlackTeamCountry "SLO"]

{[%evp 23,65,12,18,12,13,0,0,-5,97,78,60,67,77,-73,104,56,43,42,96,92,152,152,156,127,129,60,74,61,100,108,112,128,136,127,226,87,222,226,460,431,580,571,1075,1054]} 1. c4 Nf6 2. Nc3 e6 3. Nf3 d5 4. e3 Nbd7 5. b3 c6 6. Bb2 Bd6 7. Qc2 Qe7 8. Be2 dxc4 9. bxc4 e5 10. d4 O-O 11. O-O Re8 12. h3 {D45: Semi-Slav: 5 e3} (12. Ne4 Nxe4 13. Qxe4 Nf6 14. Qh4 exd4 15. Bxd4 Ne4 16. Qh5 Nf6 17. Qh4 Ne4 18. Qh5 Nf6 19. Qh4 Ne4 {½-½ (19) Grachev,B (2640)-Nepomniachtchi,I (2602) Novokuznetsk 2008}) 12... e4 {LiveBook: 3 Games} 13. Nd2 Nf8 14. f3 {The position is equal.} exf3 15. Rxf3 Ng6 $146 (15... Bb8 $11 {keeps the balance.}) ({Predecessor:} 15... Ne6 16. Raf1 Ng5 17. Rxf6 gxf6 18. e4 Bc7 19. c5 b6 {1-0 (31) Efimov,I (2446)-Muir,A (2367) Heraklio 2007}) 16. e4 $1 $16 {[%cal Be3e4,Be4e5][%mdl 32]} Nh5 17. e5 Bc7 18. Raf1 (18. Rf2 $16 {and life is bright.} Nhf4 19. Raf1) 18... f5 $2 (18... Nxe5 $1 $17 {keeps the pressure on.} 19. R3f2 Ng3 20. dxe5 Nxf1 21. Nxf1 Bb6) 19. R3f2 Ng3 20. Re1 Be6 {[#]} (20... Nxe2+ $14 21. Nxe2 (21. Rexe2 Qg5 $11) 21... Be6) 21. Bd3 $1 Rad8 ({Black should try} 21... Rf8) 22. Ne2 $36 {[%mdl 2048] White is on the roll.} Nxe2+ 23. Rexe2 ({But not} 23. Bxe2 $6 Qh4 $11) 23... Rf8 24. Re1 (24. Bxf5 $16 Bxf5 25. Rxf5) 24... Bb6 25. Nb3 ({Reject} 25. Bxf5 Bxf5 26. Rxf5 Rxf5 $17) 25... Qg5 26. Ref1 f4 27. Ba3 Rf7 28. Bd6 Nh4 (28... Re8 $16) 29. Bxh7+ $18 Kh8 {[#]} 30. Be4 $1 Bxh3 $2 (30... Re8 31. Nc5 Bxh3) 31. Qd2 {White is clearly winning.} Be6 32. Rxf4 Bxc4 33. Rxf7 {Precision: White = 65%, Black = 39%.} 1-0

[Event "36th Mitropa Cup Open 2018"]
[Site "Isola Capo Rizzuto"]
[Date "2018.06.01"]
[Round "2.16"]
[White "Dobrovoljc, Vid"]
[Black "Kreisl, Robert"]
[Result "1/2-1/2"]
[WhiteElo "2294"]
[BlackElo "2402"]
[Annotator "TA"]
[PlyCount "32"]
[EventDate "2018.05.31"]
[EventType "team-tourn"]
[EventCountry "ITA"]
[SourceTitle "playchess.com"]
[Source "ChessBase"]
[SourceQuality "1"]
[WhiteTeam "Slovenia"]
[BlackTeam "Austria"]
[WhiteTeamCountry "SLO"]
[BlackTeamCountry "AUT"]

{[%evp 20,32,14,18,15,20,47,46,51,32,58,38,63,52,54]} 1. e4 e6 2. d4 d5 3. Nc3 Nf6 4. e5 Nfd7 5. f4 c5 6. Nf3 Nc6 7. Be3 Be7 8. Qd2 O-O 9. Be2 {C11: French: Classical System: 4 e5 and 4 Bg5 dxe4} a6 10. Nd1 cxd4 11. Nxd4 {LiveBook: 3 Games. The position is equal.} Nxd4 12. Bxd4 f6 $146 ({Predecessor:} 12... b5 13. O-O Bb7 14. c3 Nc5 15. Qe3 Rc8 16. Qh3 Ne4 {1-0 (28) Nabaty,T (2644)-Vaganian,R (2564) Yerevan 2016}) 13. exf6 {White is slightly better.} Bxf6 14. O-O Nb8 15. c3 Nc6 16. Bxf6 Qxf6 1/2-1/2

[Event "36th Mitropa Cup Open 2018"]
[Site "Isola Capo Rizzuto"]
[Date "2018.06.01"]
[Round "2.17"]
[White "Gozzoli, Yannick"]
[Black "Kuljasevic, Davorin"]
[Result "1/2-1/2"]
[WhiteElo "2598"]
[BlackElo "2534"]
[Annotator "TA"]
[PlyCount "36"]
[EventDate "2018.05.31"]
[EventType "team-tourn"]
[EventCountry "ITA"]
[SourceTitle "playchess.com"]
[Source "ChessBase"]
[SourceQuality "1"]
[WhiteTeam "France"]
[BlackTeam "Croatia"]
[WhiteTeamCountry "FRA"]
[BlackTeamCountry "CRO"]

{[%evp 14,36,14,10,20,6,15,13,14,0,0,0,0,-10,-3,-10,-11,0,0,0,0,0,0,0,0]} 1. d4 Nf6 2. c4 e6 3. Nf3 d5 4. Nc3 Bb4 5. Bg5 h6 6. Bxf6 Qxf6 7. Qa4+ Nc6 8. e3 {The position is equal.} O-O {D38: Queen's Gambit Declined: Ragozin Defence (4 Nf3 Bb4)} 9. Rc1 Rd8 10. Be2 dxc4 11. O-O $146 ({Predecessor:} 11. Bxc4 Bd7 12. Qc2 Bd6 13. O-O a6 14. Rfd1 Qe7 15. a3 Rac8 16. Ba2 {1-0 (39) Navara,D (2737)-Leko,P (2678) Biel 2017}) 11... Bd7 {aiming for ...Bxc3.} 12. Qc2 Na5 13. Ne5 Qe7 14. Nxc4 Nxc4 15. Bxc4 c5 16. d5 Bxc3 17. Qxc3 exd5 18. Bxd5 Be6 1/2-1/2

[Event "36th Mitropa Cup Open 2018"]
[Site "Isola Capo Rizzuto"]
[Date "2018.06.01"]
[Round "2.18"]
[White "Plenca, Jadranko"]
[Black "Velten, Paul"]
[Result "1/2-1/2"]
[WhiteElo "2487"]
[BlackElo "2458"]
[Annotator "TA"]
[PlyCount "45"]
[EventDate "2018.05.31"]
[EventType "team-tourn"]
[EventCountry "ITA"]
[SourceTitle "playchess.com"]
[Source "ChessBase"]
[SourceQuality "1"]
[WhiteTeam "Croatia"]
[BlackTeam "France"]
[WhiteTeamCountry "CRO"]
[BlackTeamCountry "FRA"]

{[%evp 20,45,21,16,29,24,18,27,21,6,15,6,6,4,4,6,15,15,15,6,22,0,9,0,0,0,0,0]} 1. e4 e6 2. d4 d5 3. Nd2 c5 4. Ngf3 a6 5. exd5 exd5 6. Be2 Nf6 7. O-O Be7 8. dxc5 Bxc5 9. Nb3 Bb6 10. Bg5 {C08: French Tarrasch: 3...c5 4 exd5 exd5 sidelines} (10. Bf4 O-O 11. Nfd4 Re8 12. Re1 Nc6 13. c3 h6 14. Qc2 Qe7 15. Rad1 Bd7 16. Be3 Qd6 17. Nb5 axb5 18. Bxb6 Rxa2 {½-½ (35) Savchenko,B (2585)-Zvjaginsev,V (2639) Khanty-Mansiysk 2017}) 10... O-O 11. c3 {LiveBook: 29 Games} Nc6 12. Bxf6 {White has an edge.} Qxf6 13. Qxd5 Bf5 14. Nbd4 {The position is equal.} Rfe8 {[#] Hoping for ...Bxd4.} 15. Nxf5 Rxe2 16. Qb3 Qxf5 17. Qxb6 Qb5 $1 {[%cal Rb5b6]} 18. Qxb5 axb5 19. Rfb1 $146 Kf8 20. Kf1 Rc2 21. a3 Re8 22. Ne1 Rd2 $1 23. Nf3 {Precision: White = 69%, Black = 85%.} 1/2-1/2